|
|
|
|
| LEADER |
01569nam a2200349 a 4500 |
| 001 |
17679 |
| 003 |
BD-DhAAL |
| 005 |
20140702112253.0 |
| 008 |
140702s1994 enk b 001 0 eng |
| 010 |
|
|
|a 94001964
|
| 020 |
|
|
|a 1856491838 Hb
|
| 020 |
|
|
|a 1856491846 (pbk.)
|
| 040 |
|
|
|a DLC
|c DLC
|d DLC
|d BD-DhAAL
|
| 050 |
0 |
0 |
|a HQ1240
|b .W6627 1994
|
| 082 |
0 |
0 |
|a 305.42
|2 20
|
| 245 |
0 |
0 |
|a Women, the environment and sustainable development :
|b towards a theoretical synthesis /
|c Rosi Braidotti ... [et al.].
|
| 260 |
|
|
|a London ;
|a Atlantic Highlands, N.J. :
|b Zed Books in association with INSTRAW,
|c 1994.
|
| 300 |
|
|
|a xiii, 220 p. ;
|c 23 cm.
|
| 504 |
|
|
|a Includes bibliographical references (p. [185]-213) and index.
|
| 541 |
|
|
|e 17679
|
| 650 |
|
0 |
|a Women in development.
|9 5232
|
| 650 |
|
0 |
|a Women and the environment.
|9 4884
|
| 650 |
|
0 |
|a Sustainable development.
|9 5233
|
| 650 |
|
0 |
|a Human ecology.
|9 5234
|
| 650 |
|
0 |
|a Conservation of natural resources.
|9 5235
|
| 650 |
|
0 |
|a Feminist theory.
|9 5236
|
| 700 |
1 |
|
|a Braidotti, Rosi.
|9 5237
|
| 710 |
2 |
|
|a International Research and Training Institute for the Advancement of Women.
|9 5238
|
| 942 |
|
|
|2 ddc
|c BK
|
| 999 |
|
|
|c 32823
|d 32823
|
| 952 |
|
|
|0 0
|1 0
|2 ddc
|4 0
|6 305_420000000000000_WOM
|7 0
|9 42874
|a BRACUL
|b BRACUL
|c GEN
|d 2014-07-02
|l 1
|o 305.42 WOM
|p 3010017679
|r 2026-04-02
|s 2026-03-03
|t 1
|w 2014-07-02
|y BK
|x Transferred from ENH to Ayesha Abed library on 20/12/2023
|
| 952 |
|
|
|0 0
|1 0
|2 ddc
|4 0
|6 305_420000000000000_WOM
|7 0
|9 52658
|a SCL
|b SCL
|c GEN
|d 2015-02-17
|l 2
|m 7
|o 305.42 WOM
|p 3020002372
|r 2024-02-28
|s 2022-08-02
|t 1
|w 2015-02-17
|y BK
|